Vista normal Vista MARC

Entrada Personal Name

Número de registros utilizados en: 1

001 - CONTROL NUMBER

  • control field: 10617

003 - CONTROL NUMBER IDENTIFIER

  • control field: OSt

005 - DATE AND TIME OF LATEST TRANSACTION

  • control field: 20200922114812.0

008 - FIXED-LENGTH DATA ELEMENTS

  • fixed length control field: 200922|| aca||aabn | a|a d

040 ## - CATALOGING SOURCE

  • Original cataloging agency: OSt
  • Transcribing agency: OSt

100 ## - HEADING--PERSONAL NAME

  • Personal name: Granda, Germán de

670 ## - SOURCE DATA FOUND

  • Source citation: Work cat.: (OSt)6345: Granda, Germán de, autor, Estudios sobre una área dialectal hispanoamericana de población negra :, 1977.